Регионална библиотека "Любен Каравелов" - Русе

Науката - в помощ на практиката (Запис номер 123120)

MARC детайли
000 -Лидер
Контролно поле с фиксирана дължина nam a22 a 4500
003 - Код на организацията, давaща контролен номер
Контролно поле BLK
005 - Дата и час на последна редакция
Контролно поле 20220122134714.0
008 - Елементи от данни с фиксирана дължина
fixed length control field 180409b bul|||||r ||||||| ||bul||
010 ## - Наследен системен номер
LC control number KNG00128773000
040 ## - Източник на каталожния запис
Идентификатор на билиотеката - собственик на записа BLK
041 ## - Код за език
Код за езика на текст/звукозапис или на отделно заглавие Български
Код за езика КДБФ Български
080 ## - УДК
Текстов определител УДК Житни растения. Зърнени култури
УДК код - определител по УДК 633.1
УДК - код + определител 633.1
100 1# - Редна дума - Автор
Автор Атанасов, Йордан
Авторска отговорност първи автор
R(LIN) 377178
139 ## - Редно поле
Редна дума Атанасов, Йордан
Авторски знак Ат - А 93
245 10 - Сведения за заглавието
Заглавие Науката - в помощ на практиката
Подзаглавни данни Из опита на ТКЗС в с. Иванча, Великотърновско в получаването на високи добиви от царевица
Редно поле (дума) Йордан Атанасов.
257 ## - Страна на издаване
Страна на създаване/издаване България
260 ## - Област на издателските данни
Място на издаване, разпространение и проч. София
Име на издателя, разпространителя и проч. БКП
Година на издаване 1962
300 ## - Физическа характеристика
Страници 40 с.
Размери/Мащаб 25 см
380 ## - Жанр
Жанр Селско стопанство
500 ## - Общи забележки
Забележка 3 100 тир.
650 #4 - Допълнително описание по предмет – тема
Основно описание – тема или топоним Царевица - агротехника
9 (RLIN) 303611
650 #4 - Допълнително описание по предмет – тема
Основно описание – тема или топоним Селско стопанство - България
9 (RLIN) 269258
651 #4 - Допълнително описание по предмет - топоним
Географско понятие Иванча
9 (RLIN) 178931
651 #4 - Допълнително описание по предмет - топоним
Географско понятие Великотърновско
9 (RLIN) 178699
651 #4 - Допълнително описание по предмет - топоним
Географско понятие България
9 (RLIN) 241624
653 ## - Ключова дума – ненормативна
Ключова дума царевица
653 ## - Ключова дума – ненормативна
Ключова дума агротехника
653 ## - Ключова дума – ненормативна
Ключова дума добиви
852 ## - Местоположение
Форматна сигнатура Цб 22989
Фондова буква Хранилище
856 4# - Електронен адрес и достъп
Електронен формат pdf - файл
856 4# - Електронен адрес и достъп
Електронен формат pdf - файл
999 ## - СИСТЕМНИ КОНТРОЛНИ НОМЕРА
Koha biblionumber 123120
Koha biblioitemnumber 123120
942 ## - АРТИКУЛИ
Вид на библиотечния материал Книги
Скрит в OPAC Не
Периодичен библиозапис Да
944 ## - СЪЗДАВАНЕ И РЕДАКЦИЯ на ЗАПИСА
Създаване/Редакция Създаване
Дата на регистрацията/редакция 14.03.2012
Статус, дата на статуса 14.03.2012 - от С1,Р / 14.03.2012
Служител, извършил регистрацията/редакцията Наталия_Медовщикова
944 ## - СЪЗДАВАНЕ И РЕДАКЦИЯ на ЗАПИСА
Създаване/Редакция Редакция
Дата на регистрацията/редакция 14.03.2012
Статус, дата на статуса 14.03.2012 - от С1,Р / 14.03.2012
999 ## - СИСТЕМНИ КОНТРОЛНИ НОМЕРА
Koha biblioitemnumber 123120
Наличности
Код за отписване Код за изгубен артикул Източник на класификационната схема Код за повреда Коз за рестрикции Код за отдаване Артикулен № Име на библиотеката - собственик Име на библиотеката, в която се намира в момента Статус (Текущо местоположение) Дата на вписване в системата Местоположение - отдел Цена в лева Инвентарен номер Систематично азбучна сигнатура Баркод Номер на екземпляра Цена в евро Служебна бележка Служебен тип на артикула
  Не е изгубен Universal Decimal Classification Не е повреден само за читалня ползва се в читалня 199253 Регионална библиотека "Любен Каравелов" Русе Регионална библиотека "Любен Каравелов" Русе Хранилище 1962-01-01 Хранилище 0.07 10577/62 Цб 22989 900000088851 1 0.04 N: стар фонд Дата: 01.01.1962 Книги
Изтеглен Не е изгубен Universal Decimal Classification Не е повреден без рестрикции заемане за дома 199254 Регионална библиотека "Любен Каравелов" Русе Регионална библиотека "Любен Каравелов" Русе Заемна - подръчен фонд 1962-01-01 Заемна - подръчен фонд 0.00 9284/62 П 633.1/А 93 9284/62 2 0.00 N: стар фонд Дата: 01.01.1962 Книги
Vip Innovations Ltd, Rousse, Bulgaria 2025